000
00254nam a2200097Ia 4500
001
1211240
005
20250827024432.0
008
250824s9999 xx 000 0 und d
245
0
_a
İÇİMİZDEKİ ÇOCUK
_c
DOĞAN CÜCELOĞLU
260
_b
REMZİ KİTABEVİ
999
_c
1211240
_d
1211240